000 00773cam a2200229 4500
001 ABS62660
008 000000n2000 000 0 eng u
035 _a(Sirsi) u107191
100 _aCrawford-Ingle, A.
245 _aYou are what you know
260 _c2000
490 _aEstates Gazette
_v(0025) 24 June 2000, 132(1)
520 _aOutlines a management framework strategy to manage risk through a formal risk management process. Argues that in order for firms to identify, manage and exploit risk, the management approach must be ongoing. Flowcharts.
590 _aABS
650 _aRISK MANAGEMENT
650 _aSTRUCTURE
650 _aDISCIPLINE
650 _aRISK ANALYSIS
690 _aProject management
_96261
700 _aFrench, M.
942 _n0
999 _c64078
_d64078